Language Quiz

Random Language or Spanish Quiz
Score 0/23 Timer 10:00
0 Plays Today
Hint Answer % Correct
Soundel sonido
73.3%
Performancela actuación
66.7%
Styleel estilo
66.7%
Pair, partnership, couplela pareja
66.7%
Guitaristel guitarista
60%
Linked tovinculado a
60%
To performactuar
53.3%
Influencial influyente
40%
Innovative innovador
40%
To excite emocionar
33.3%
Fameel renombre
33.3%
Unquestionablysin lugar a dudas
33.3%
Hint Answer % Correct
Persona, characterla figura
26.7%
Accompanimentel acompañamiento
20%
Singer (flamenco)el cantaor
20%
Folk musicla música folclórica
20%
Not to have the faintest idea aboutno tener ni idea de
20%
'Deep' song (of flamenco music)el cante jondo
13.3%
Gushingel chorro
13.3%
Hardened, Heavy (e.g smoker)empedernido
6.7%
Essential imprescindible
6.7%
Unforgettableinvolvidable
6.7%
In its own rightpor derecho propio
6.7%

You're not logged in!

Compare scores with friends on all Sporcle quizzes.
OR
Log In

Sporcle TV

Today on Sporcle TV


Watch our educational content, quiz creation guides, and fun videos on Sporcle TV.

Show Comments

Extras

Created Jul 4, 2019ReportNominate
Tags:Spanish Quiz, level, unit

Top Quizzes Today


Score Distribution

Paid Content

Your Account Isn't Verified!

In order to create a playlist on Sporcle, you need to verify the email address you used during registration. Go to your Sporcle Settings to finish the process.

Report this User

Report this user for behavior that violates our Community Guidelines.

Details: